| 000 | 01089cam a2200301 a 4500 | ||
|---|---|---|---|
| 999 |
_c23809 _d23809 |
||
| 001 | 3961941 | ||
| 005 | 20170127103957.0 | ||
| 008 | 941004s1995 nyu 000 1 eng | ||
| 010 | _a 94038570 | ||
| 020 |
_a051759384X : _c$19.00 |
||
| 040 |
_aDLC _cDLC _dDLC _dOCoLC _dDLC |
||
| 043 | _an-us-nj | ||
| 050 | 0 | 0 |
_aPS3562 _b .E99T66 1995 |
| 100 | 1 | _aLeyner, Mark. | |
| 245 | 1 | 0 |
_aTooth imprints on a corn dog / _cMark Leyner. |
| 250 | _a1st ed. | ||
| 260 |
_aNew York : _bHarmony Books, _cc1995. |
||
| 300 |
_av, 216 p. : _c22 cm. |
||
| 651 | 0 |
_aNew Jersey _vFiction. |
|
| 655 | 7 |
_aBlack humor (Literature) _2gsafd |
|
| 655 | 7 |
_aAutobiographical fiction. _2gsafd |
|
| 856 | 4 | 2 |
_3Publisher description _uhttp://www.loc.gov/catdir/description/random049/94038570.html |
| 942 |
_2lcc _cBOOKS _hPS3562 .E99T66 1995 |
||